000 00906cam a22002651 4500
001 sa 66005402
003 DLC
005 20260227112249.0
008 720814s1963 ii b f000 0 eng
010 _asa 66005402
025 _aPL480:I-E-5129
035 _a(OCoLC)381398
040 _aDLC
_cOAU
_dOCoLC
_dDLC
042 _apremarc
050 0 0 _aDS432.O7
_bD3
100 1 _aDas, Amal Kumar.
245 1 4 _aThe Orāons of Sunderban
_c[by] Amal Kumar Das [and] Manis Kumar Raha.
260 _aCalcutta,
_bTribal Welfare Dept., Govt. of West Bengal,
_c1963.
300 _axiv, 476 p.
_c23 cm.
490 1 _aBulletin of the Cultural Research Institute. Special series,
_vno. 3
504 _aBibliography: p. 447-453.
650 0 _aOraon (Indic people)
700 1 _aRaha, Manis Kumar,
_ejoint author.
810 1 _aWest Bengal (India).
_bCultural Research Institute.
_tBulletin.
_vSpecial series, no. 3.
999 _c69933
_d69933